[Event "Tournoi Skype 022A"]
[Site "Skype"]
[Date "????.??.??"]
[Round "7.16"]
[White "Rochette, Mathieu"]
[Black "Gharbi, Said"]
[Result "1-0"]
[WhiteElo "1699"]
[BlackElo "1576"]
[PlyCount "92"]

1. Nf3 c5 2. g3 Nf6 3. Bg2 Nc6 4. O-O d5 5. d4 e6 6. Bg5 cxd4 7. Nxd4 Ne5 8.
Nd2 Be7 9. Rc1 Qb6 10. N2b3 Nc4 11. Rb1 O-O 12. c3 Bd7 13. Re1 Rfe8 14. e4 e5
15. Nc2 Nxe4 16. Bxe4 dxe4 17. Bxe7 Rxe7 18. Rxe4 Qc6 19. Qe2 b5 20. Nb4 Qb7
21. Nd4 f5 22. Rh4 Rae8 23. Nf3 a5 24. Nc2 Bc6 25. Ng5 g6 26. Ne3 Nxe3 27. Qxe3
Kg7 28. Rxh7+ Kf6 29. Rxe7 Rxe7 30. Rd1 Qb8 31. Qc5 Qc7 32. Rd6+ Kxg5 33. h4+
Kh5 34. Rxc6 Qd7 35. Kg2 f4 36. Rc8 Kg4 37. f3+ Kf5 38. Rf8+ Ke6 39. Qb6+ Kd5
40. Qxg6 Rg7 41. Qe4+ Ke6 42. Qf5+ Kd5 43. Qe4+ Kd6 44. Rf6+ Kc7 45. Qxe5+ Kb7
46. Qe4+ Kc8 1-0

[Event "Tournoi Skype 022A"]
[Site "Skype"]
[Date "????.??.??"]
[Round "7.17"]
[White "Alvarez, Rafael Andres"]
[Black "Murolo, Antonio"]
[Result "1-0"]
[WhiteElo "1578"]
[BlackElo "1675"]
[PlyCount "87"]

1. d4 Nf6 2. Bf4 d5 3. e3 e6 4. Nd2 c5 5. c3 Qb6 6. Rb1 Bd6 7. Bg3 O-O 8. Ngf3
cxd4 9. exd4 Nbd7 10. Ne5 Ne4 11. Nxe4 dxe4 12. Be2 Qc7 13. Nxd7 Bxd7 14. a4 a5
15. O-O Bxg3 16. fxg3 Bc6 17. Qc2 b6 18. Rf4 Qb7 19. Rbf1 f5 20. Bb5 Bxb5 21.
axb5 Rac8 22. Qb3 Qc7 23. Qxe6+ Qf7 24. Qxb6 g6 25. Qxa5 Qb3 26. R4f2 Ra8 27.
Qb6 Rfb8 28. Qc6 Qxb5 29. Qe6+ Kf8 30. Rxf5+ gxf5 31. Rxf5+ Qxf5 32. Qxf5+ Kg8
33. Qe6+ Kh8 34. b4 Ra1+ 35. Kf2 Rf8+ 36. Ke2 Raf1 37. Qe5+ Kg8 38. Qxe4 R8f2+
39. Kd3 Rd1+ 40. Kc4 Rfd2 41. h4 Rg1 42. Qe6+ Kh8 43. Qf6+ Kg8 44. Qg5+ 1-0

[Event "Tournoi Skype 022A"]
[Site "Skype"]
[Date "????.??.??"]
[Round "7.18"]
[White "Mordaa, Ahmad"]
[Black "Yeter, Orhan"]
[Result "0-1"]
[WhiteElo "1467"]
[BlackElo "1635"]
[PlyCount "86"]

1. e4 e5 2. Nf3 Nc6 3. Bc4 Bc5 4. c3 Nf6 5. d4 exd4 6. cxd4 Bb6 7. Nc3 d6 8.
O-O Bg4 9. Bg5 Nxd4 10. Nd5 Nxf3+ 11. gxf3 Bh3 12. Re1 O-O 13. Kh1 Bxf2 14. Re2
Bc5 15. Nf4 Qd7 16. Nxh3 Qxh3 17. Rg2 Kh8 18. Rg3 Qd7 19. Bxf6 gxf6 20. f4 Rg8
21. f5 Rxg3 22. hxg3 Rg8 23. Kg2 Qe8 24. Qh5 Qxe4+ 25. Qf3 Qxc4 26. Rh1 Qc2+
27. Kh3 Qf2 28. Qxf2 Bxf2 29. g4 d5 30. Kg2 Bc5 31. Kf3 d4 32. Rd1 Rd8 33. Ke4
Bb6 34. b4 c5 35. bxc5 Bxc5 36. Rc1 b6 37. Rd1 Kg7 38. Kd3 Kh6 39. Rh1+ Kg7 40.
Rh5 Re8 41. Rh3 Re3+ 42. Rxe3 dxe3 43. Ke2 Kh6 0-1

[Event "Tournoi Skype 022A"]
[Site "Skype"]
[Date "????.??.??"]
[Round "7.20"]
[White "Kruk, Clementine"]
[Black "Thoune, Jim"]
[Result "0-1"]
[WhiteElo "1559"]
[BlackElo "1741"]
[PlyCount "94"]

1. e4 c5 2. d4 cxd4 3. c3 dxc3 4. Nxc3 Nc6 5. Bc4 d6 6. Nf3 Bd7 7. h3 Nf6 8.
O-O e6 9. Re1 Be7 10. Nb5 Qb8 11. Bd2 a6 12. Nc3 O-O 13. Rc1 b5 14. Bb3 Rd8 15.
Bf4 e5 16. Bg3 Na5 17. Nd5 Nxd5 18. Bxd5 Ra7 19. Qd2 Nc4 20. Bxc4 bxc4 21. Rxc4
Rb7 22. Rc2 Be6 23. a3 h6 24. Nh4 Bf6 25. Re2 d5 26. Qa5 d4 27. Rc6 d3 28. Rd2
Rxb2 29. Rxa6 Rxd2 30. Qxd2 Qb1+ 31. Kh2 Qb5 32. Ra7 Bg5 33. Qd1 d2 34. a4 Qd3
35. Nf3 Qxe4 36. Nxg5 hxg5 37. f3 Qd3 38. Bxe5 Bb3 39. Qa1 d1=Q 40. Rxf7 Bxf7
41. Qb2 Q1e2 42. Qc1 Qdd2 43. Qg1 Qxe5+ 44. f4 Qdxf4+ 45. g3 Rd2+ 46. Kh1 Qf3+
47. Qg2 Qxg2# 0-1

[Event "Tournoi Skype 022A"]
[Site "Skype"]
[Date "????.??.??"]
[Round "7.21"]
[White "Jogi, Kalpesh"]
[Black "Mulrooney, Justin"]
[Result "0-1"]
[WhiteElo "1552"]
[BlackElo "1622"]
[PlyCount "56"]

1. e4 e5 2. d4 d5 3. dxe5 Ne7 4. exd5 Qxd5 5. Qxd5 Nxd5 6. Nf3 Nc6 7. Bb5 Ndb4
8. Na3 a6 9. Bxc6+ Nxc6 10. Nc4 Bg4 11. Ng5 h6 12. Ne4 Bf5 13. f3 O-O-O 14. O-O
Be6 15. b3 Bxc4 16. bxc4 Nxe5 17. Bf4 Nxc4 18. Rad1 Rxd1 19. Rxd1 Nd6 20. Bxd6
cxd6 21. Nxd6+ Bxd6 22. Rxd6 Re8 23. Rd2 Re1+ 24. Kf2 Ra1 25. c4 Rc1 26. Ke3
Rxc4 27. Kd3 b5 28. Re2 Kd7 0-1

[Event "Tournoi Skype 022A"]
[Site "Skype"]
[Date "????.??.??"]
[Round "7.22"]
[White "Salazar Ticeran, Antonio"]
[Black "Yardimci, Ertan"]
[Result "1/2-1/2"]
[WhiteElo "1611"]
[BlackElo "1501"]
[PlyCount "91"]

1. e4 c6 2. d4 d5 3. e5 Bf5 4. Bd3 Bxd3 5. Qxd3 e6 6. f4 c5 7. c3 Nc6 8. Nf3
cxd4 9. cxd4 Nh6 10. O-O Qb6 11. Kh1 Nf5 12. Rd1 g6 13. Nc3 Bg7 14. g4 Nh6 15.
Rg1 a6 16. Na4 Qc7 17. Nc5 O-O 18. Bd2 Qc8 19. Rac1 b6 20. Na4 Qb7 21. b4 Rfc8
22. a3 Ne7 23. h3 f5 24. g5 Nf7 25. h4 Nd8 26. Qe2 Rxc1 27. Rxc1 Rc8 28. Rxc8
Nxc8 29. b5 axb5 30. Qxb5 Qc6 31. Nc3 Qxb5 32. Nxb5 Bf8 33. Bc3 Nc6 34. Kg2 Kf7
35. Kf2 Ke8 36. Ke3 Kd7 37. Kd3 Na5 38. Nd2 Kc6 39. a4 Kb7 40. Kc2 Nc6 41. Kb3
Na5+ 42. Kc2 Nc6 43. Kb3 Na5+ 44. Kc2 Nc6 45. Kb3 Na5+ 46. Kc2 1/2-1/2

[Event "Tournoi Skype 022A"]
[Site "Skype"]
[Date "????.??.??"]
[Round "7.25"]
[White "Mitrani, Alberto"]
[Black "Vello, Pablo"]
[Result "0-1"]
[WhiteElo "1570"]
[BlackElo "1424"]
[PlyCount "94"]

1. c4 Nf6 2. g3 c6 3. Bg2 g6 4. Nc3 d5 5. cxd5 cxd5 6. d4 Bg7 7. Nf3 O-O 8. O-O
e6 9. Bd2 Nc6 10. Qc1 Re8 11. Bh6 Bh8 12. Bg5 Qc7 13. Bf4 Qd8 14. Nb5 Re7 15.
Qd2 a6 16. Nc3 Nh5 17. Bg5 f6 18. Bh6 Rd7 19. Rab1 Ng7 20. Bh3 Rf7 21. b4 Ne7
22. g4 Bd7 23. b5 a5 24. Na4 b6 25. Rfc1 Rc8 26. Rxc8 Nxc8 27. Nc3 Nd6 28. a4
Nge8 29. Rc1 Nc4 30. Qa2 Ned6 31. e3 Bc8 32. Qe2 Rc7 33. Bf4 e5 34. Bg3 Be6 35.
Nd2 Nxd2 36. Qxd2 Nc4 37. Qc2 Rc8 38. Re1 Qd7 39. f3 exd4 40. exd4 Bg7 41. Qf2
Bf8 42. Nd1 Bb4 43. Re2 f5 44. g5 Rf8 45. Kg2 Re8 46. Bf4 Bf7 47. Rxe8+ Qxe8
0-1

[Event "Tournoi Skype 022A"]
[Site "Skype"]
[Date "????.??.??"]
[Round "7.26"]
[White "Sauvaget, Joel"]
[Black "Marino, Giuseppe"]
[Result "1/2-1/2"]
[WhiteElo "1616"]
[BlackElo "1356"]
[PlyCount "51"]

1. d4 d5 2. Nf3 Nf6 3. Bf4 Bf5 4. h3 e6 5. e3 Be7 6. Bd3 Bxd3 7. Qxd3 O-O 8.
O-O Re8 9. Nc3 c6 10. a3 Nh5 11. Bh2 Bd6 12. Bxd6 Qxd6 13. Qd1 Nf6 14. Ne2 Ne4
15. c3 Nd7 16. Nd2 Nxd2 17. Qxd2 e5 18. dxe5 Nxe5 19. Nd4 Qg6 20. Qe2 a6 21. a4
c5 22. Nf3 Nxf3+ 23. Qxf3 Re5 24. Kh1 Rf5 25. Qg3 Qxg3 26. fxg3 1/2-1/2

[Event "Tournoi Skype 022A"]
[Site "Skype"]
[Date "????.??.??"]
[Round "7.27"]
[White "Martin, Jean-Claude"]
[Black "Castillo, Jesus"]
[Result "0-1"]
[WhiteElo "1531"]
[BlackElo "1600"]
[PlyCount "72"]

1. d4 d5 2. c4 e6 3. Nc3 Nf6 4. Bg5 Be7 5. e3 Nbd7 6. Nf3 O-O 7. Rc1 c6 8. cxd5
Nxd5 9. Bxe7 Qxe7 10. Nxd5 exd5 11. Bd3 Nf6 12. h3 Re8 13. O-O Ne4 14. Bxe4
Qxe4 15. Qc2 Qxc2 16. Rxc2 Re6 17. Rfc1 Rh6 18. b4 Bf5 19. Rc5 a6 20. a4 Re6
21. Ng5 Rg6 22. h4 h6 23. Nf3 Be4 24. Kh2 Kf8 25. Rg1 Rf6 26. Rcc1 Re8 27. a5
Ree6 28. Rcd1 Bxf3 29. gxf3 Rxf3 30. Rg2 Ref6 31. Rd2 R6f5 32. Kg1 Rh3 33. Rh2
Rhf3 34. Rg2 Rf6 35. Rg3 Rxg3+ 36. fxg3 Rf3 0-1

[Event "Tournoi Skype 022A"]
[Site "Skype"]
[Date "????.??.??"]
[Round "7.30"]
[White "Le Brun, Yves"]
[Black "Hague, Mark"]
[Result "1/2-1/2"]
[WhiteElo "1491"]
[BlackElo "1581"]
[PlyCount "32"]

1. e4 b6 2. Bc4 e6 3. d3 g6 4. Be3 Bg7 5. c3 Bb7 6. Nd2 Ne7 7. Bg5 h6 8. Bh4 g5
9. Bg3 d6 10. Qg4 d5 11. Bb3 dxe4 12. Ba4+ Bc6 13. Qxe4 Qd7 14. Bxc6 Nbxc6 15.
Ngf3 O-O-O 16. O-O-O Qxd3 1/2-1/2

[Event "Tournoi Skype 022A"]
[Site "Skype"]
[Date "????.??.??"]
[Round "7.31"]
[White "Luna Perez Vico, Lorenzo"]
[Black "Galani, Mahendra"]
[Result "0-1"]
[WhiteElo "1554"]
[BlackElo "1491"]
[PlyCount "86"]

1. e4 e5 2. Nf3 d6 3. d4 exd4 4. Nxd4 Nf6 5. Nc3 Qe7 6. Bd3 Nbd7 7. O-O Qe5 8.
Nf3 Qe7 9. Nd5 Qd8 10. Bg5 c6 11. Nc3 Be7 12. Re1 Ne5 13. Bf1 Bg4 14. Be2 h5
15. Nxe5 dxe5 16. Bxf6 Qxd1 17. Raxd1 Bxf6 18. h3 Bd7 19. Na4 Be7 20. a3 O-O-O
21. b4 g5 22. g4 hxg4 23. hxg4 Rh4 24. f3 Rdh8 25. Kf2 Rh2+ 26. Ke3 b5 27. Nb2
c5 28. Nd3 cxb4 29. axb4 f6 30. c3 R8h3 31. Nf2 Rg3 32. Ra1 Bd8 33. Nh1 Bb6+
34. Kd3 Rgh3 35. Rf1 Bxg4 36. Rae1 Be6 37. Kd2 g4 38. fxg4 Bxg4 39. Rxf6 Be3+
40. Kd1 Bxe2+ 41. Rxe2 Rxh1+ 42. Kc2 Rc1+ 43. Kd3 Bg5+ 0-1